A Csongrád-vidéki Pincegazdaság 5500 tonna szőlőt gyűjtött be

Elmentve itt :
Bibliográfiai részletek
Szerző: Ódor József
Dokumentumtípus: Cikk
Megjelent: 1962-12-09
Sorozat:Délmagyarország 52 No. 288
Kulcsszavak:Király Ferenc, Mezőgazdaság szőlő 1962, gyümölcstermesztés
Online Access:http://dmarchiv.bibl.u-szeged.hu/68102
LEADER 00538nab a2200157 i 4500
001 delm68102
005 20180927153801.0
008 180927s1962 hu o 0|| hun d
040 |a SZTE Délmagyarország Archívum  |b hun 
041 |a hun 
100 1 |a Ódor József 
245 1 2 |a A Csongrád-vidéki Pincegazdaság 5500 tonna szőlőt gyűjtött be  |h [elektronikus dokumentum] /  |c  Ódor József 
260 |c 1962-12-09 
300 |a 5 
490 0 |a Délmagyarország  |v 52 No. 288 
695 |a Király Ferenc, Mezőgazdaság szőlő 1962, gyümölcstermesztés